<?xml version="1.0" encoding="UTF-8"?>
<record
    xmlns:xsi="http://www.w3.org/2001/XMLSchema-instance"
    xsi:schemaLocation="http://www.loc.gov/MARC21/slim http://www.loc.gov/standards/marcxml/schema/MARC21slim.xsd"
    xmlns="http://www.loc.gov/MARC21/slim">

  <leader>00680nam a2200193   4500</leader>
  <controlfield tag="003">LK-CoMWRAF</controlfield>
  <controlfield tag="005">20240129143201.0</controlfield>
  <controlfield tag="008">240129b        |||||||| |||| 00| 0 eng d</controlfield>
  <datafield tag="020" ind1=" " ind2=" ">
    <subfield code="a">9556070206</subfield>
  </datafield>
  <datafield tag="040" ind1=" " ind2=" ">
    <subfield code="a">LK-CoMWRAF</subfield>
    <subfield code="d">LK-CoMWRAF</subfield>
    <subfield code="e">LK-CoMWRAF</subfield>
  </datafield>
  <datafield tag="041" ind1=" " ind2=" ">
    <subfield code="a">sin</subfield>
  </datafield>
  <datafield tag="082" ind1=" " ind2=" ">
    <subfield code="a">305.42</subfield>
    <subfield code="b">DIR</subfield>
  </datafield>
  <datafield tag="245" ind1=" " ind2=" ">
    <subfield code="a">&#xDAF;&#xDD2;&#xDBB;&#xDD2;&#xDBA; &#xDAF;&#xDD2;&#xDBA;&#xDAB;&#xDD2;&#xDBA;&#xDDD;</subfield>
  </datafield>
  <datafield tag="246" ind1=" " ind2=" ">
    <subfield code="a">Diriya diyaniyoo</subfield>
  </datafield>
  <datafield tag="260" ind1=" " ind2=" ">
    <subfield code="a">&#xD9A;&#xDDC;&#xDC5;&#xDB9; :</subfield>
    <subfield code="b">&#xDC6;&#xDD9;&#xDA9;&#xDCA;&#xDBB;&#xDD2;&#xD9A;&#xDCA; &#xD8A;&#xDB6;&#xDA7;&#xDCA; &#xDB4;&#xDAF;&#xDB1;&#xDB8;,</subfield>
    <subfield code="c">19&#xDCA;&#x200D;97</subfield>
  </datafield>
  <datafield tag="700" ind1=" " ind2=" ">
    <subfield code="a">&#xDC3;&#xDD2;&#xDBD;&#xDCA;&#xDC0;&#xDCF;, &#xDA9;&#xDB6;&#xDCA;. &#xDC0;&#xDD2;&#xDBD;&#xDCA;&#xDB4;&#xDCA;&#x200D;&#xDBB;&#x200D;&#xDA9;&#xDCA;</subfield>
    <subfield code="y">Silva, W wilfrad</subfield>
    <subfield code="e">ed.</subfield>
  </datafield>
  <datafield tag="700" ind1=" " ind2=" ">
    <subfield code="a">&#xD85;&#xDB8;&#xDBB;&#xDA2;&#xDD3;&#xDC0;, &#xDA7;&#xDD3;. &#xDB4;&#xDD3;. &#xDA2;&#xDD3;.</subfield>
    <subfield code="y">Amarajeewa, T. P. G. </subfield>
    <subfield code="e">ills.</subfield>
  </datafield>
  <datafield tag="942" ind1=" " ind2=" ">
    <subfield code="c">BK</subfield>
  </datafield>
  <datafield tag="952" ind1=" " ind2=" ">
    <subfield code="0">0</subfield>
    <subfield code="1">0</subfield>
    <subfield code="4">0</subfield>
    <subfield code="7">0</subfield>
    <subfield code="a">MAIN</subfield>
    <subfield code="b">MAIN</subfield>
    <subfield code="d">2024-01-29</subfield>
    <subfield code="l">0</subfield>
    <subfield code="o">305.42 DIR</subfield>
    <subfield code="p">RAF4986</subfield>
    <subfield code="r">2024-01-29</subfield>
    <subfield code="w">2024-01-29</subfield>
    <subfield code="y">BK</subfield>
  </datafield>
  <datafield tag="999" ind1=" " ind2=" ">
    <subfield code="c">4694</subfield>
    <subfield code="d">4694</subfield>
  </datafield>
</record>
